Poslanie a úlohy Ľudových milícií v súčasnom období

Bibliographic Details
Main Author: Novák, Miroslav (Author)
Format: Article
Language:Slovak
Subjects:

MARC

LEADER 00000nab a2200000 a 4500
001 vtls000358198
003 SK-MaSNL
005 20260302223637.0
008 111201c1989 xo 0 slo
015 |a SNBRB19rr/mm-uuuuu 
035 |a CL0358320 
040 |a SNKBUCL  |b slo  |c SNKBUCL  |e AACR2 
041 0 |a slo 
044 |a xo  |c SK 
080 |a 355.211.3  |2 1981 
100 1 |a Novák, Miroslav  |4 aut  |9 290942 
245 1 0 |a Poslanie a úlohy Ľudových milícií v súčasnom období  |c Miroslav Novák 
650 0 7 |a Ľudové milície  |2 snkbucl  |9 510668 
655 7 |a články z novín a časopisov  |2 snkbucl  |9 267496 
773 0 |t Život strany  |g Č. 17 (1989), s. 19-20 
850 |a Slovenská národná knižnica v Martine  |a MTA001 
852 |a SNK  |b KIS3GCP 
958 |a RK 
992 |a RBX 
999 |c 1521238  |d 1523168